书目信息 |
| 题名: |
机电一体化系统设计与应用
|
|
| 作者: | 何一文 , 毛翠丽 著 | |
| 分册: | ||
| 出版信息: | 北京 中国水利水电出版社 2015 |
|
| 页数: | 186页 | |
| 开本: | 24cm | |
| 丛书名: | ||
| 单 册: | ||
| 中图分类: | TH-39 | |
| 科图分类: | ||
| 主题词: | 机电一体化--系统设计 | |
| 电子资源: | ||
| ISBN: | 978-7-5170-2353-1 | |
| 000 | 00913nam0 2200241 450 | |
| 001 | 012015000274 | |
| 005 | 20150914103853.09 | |
| 010 | @a978-7-5170-2353-1@dCNY36.00 | |
| 100 | @a20150317d2015 em y0chiy50 ea | |
| 101 | 0 | @achi |
| 102 | @aCN@b110000 | |
| 105 | @aa z 000yy | |
| 106 | @ar | |
| 200 | 1 | @a机电一体化系统设计与应用@Aji dian yi ti hua xi tong she ji yu ying yong@f何一文,毛翠丽著 |
| 210 | @a北京@c中国水利水电出版社@d2015 | |
| 215 | @a186页@c图@d24cm | |
| 330 | @a本书综合了机电一体化相关内容,介绍了机电一体化系统的设计过程。从传统机械系统设计入手,逐步综合机械技术和电子技术,达到机电融合设计。同时,通过典型的机电一体化系统设计实例,使读者能快速掌握机电一体化系统的设计思路和设计方法。 | |
| 606 | 0 | @a机电一体化@x系统设计 |
| 690 | @aTH-39@v5 | |
| 701 | 0 | @a何一文@Ahe yi wen@4著 |
| 701 | 0 | @a毛翠丽@Amao cui li@4著 |
| 801 | 0 | @aCN@b碧洲教育@c20150716 |
| 905 | @a10447@f4@dTH-39@e34 | |
| 机电一体化系统设计与应用/何一文,毛翠丽著.-北京:中国水利水电出版社,2015 |
| 186页:图;24cm |
| ISBN 978-7-5170-2353-1:CNY36.00 |
| 本书综合了机电一体化相关内容,介绍了机电一体化系统的设计过程。从传统机械系统设计入手,逐步综合机械技术和电子技术,达到机电融合设计。同时,通过典型的机电一体化系统设计实例,使读者能快速掌握机电一体化系统的设计思路和设计方法。 |
| ● |
| 相关链接 |
|
|
|
|
正题名:机电一体化系统设计与应用
索取号:TH-39/34
 
预约/预借
| 序号 | 登录号 | 条形码 | 馆藏地/架位号 | 状态 | 备注 |
| 1 | 0849987 | 208499873 | 第二样本阅览室/ [索取号:TH-39/34] | 在馆 | |
| 2 | 0849988 | 208499882 | 第三借阅区/ [索取号:TH-39/34] | 在馆 | |
| 3 | 0849989 | 208499891 | 第三借阅区/ [索取号:TH-39/34] | 在馆 | |
| 4 | 0849990 | 208499908 | 密集书库-物理学院/ [索取号:TH-39/34] | 在馆 |